Loading...
| Fine Arts - Visual Fine Arts | 1 | 5 | 0 | 1 | 65 | 76 | 124.33 | 5 | 6 |
| Science - Other Science | 1 | 4 | 1 | 2 | 50 | 61 | 112.80 | 1 | 5 |
| Social Science | 1 | 3 | 0 | 1 | 45 | 49 | 96.50 | 1 | 4 |
| Literature - European Literature | 0 | 4 | 0 | 0 | 40 | 113 | 127.25 | 0 | 4 |
| Literature - British Literature | 2 | 1 | 0 | 0 | 40 | 47 | 78.00 | 2 | 3 |
| Literature - World Literature | 1 | 2 | 0 | 0 | 35 | 56 | 107.67 | 1 | 3 |
| Science - Chemistry | 0 | 3 | 0 | 1 | 30 | 78 | 113.33 | 0 | 3 |
| Literature - American Literature | 1 | 2 | 1 | 1 | 30 | 64 | 115.67 | 1 | 3 |
| History - American History | 1 | 1 | 0 | 0 | 25 | 81 | 110.50 | 1 | 2 |
| Fine Arts - Auditory Fine Arts | 1 | 1 | 0 | 0 | 25 | 78 | 118.50 | 2 | 2 |
| Other Academic | 0 | 2 | 0 | 0 | 20 | 79 | 87.00 | 0 | 2 |
| Science - Physics | 0 | 2 | 1 | 0 | 15 | 104 | 110.00 | 1 | 2 |
| Religion | 1 | 0 | 0 | 0 | 15 | 68 | 68.00 | 1 | 1 |
| Philosophy | 0 | 1 | 0 | 0 | 10 | 130 | 130.00 | 1 | 1 |
| Science - Biology | 0 | 1 | 0 | 1 | 10 | 138 | 138.00 | 0 | 1 |
| Mythology | 0 | 1 | 0 | 0 | 10 | 136 | 136.00 | 0 | 1 |
| History - Ancient History | 0 | 1 | 1 | 0 | 5 | 128 | 128.00 | 0 | 1 |
| Geography | 0 | 0 | 0 | 0 | 0 | 0.00 | 0 | 0 | |
| History - World History | 0 | 0 | 0 | 0 | 0 | 0.00 | 0 | 0 | |
| History - European History | 0 | 0 | 1 | 0 | -5 | 0.00 | 0 | 0 | |
| Current Events | 0 | 0 | 1 | 0 | -5 | 0.00 | 0 | 0 |